Inštitúcie a orgány Európskej únie sprievodca pre európskych občanov

Guardado en:
Detalles Bibliográficos
Autor Corporativo: Úrad vlády Slovenskej republiky
Formato: Libro
Lenguaje:eslovaco
Publicado: Bratislava GRAFIS 2004
Colección:Naša Európa
Materias:
Etiquetas: Agregar Etiqueta
Sin Etiquetas, Sea el primero en etiquetar este registro!

MARC

LEADER 00000nam$a2200000$$$4500
001 0025631
005 20240318125612.7
020 |a 80-969025-8-X 
041 0 |a slo 
044 |a SK 
245 1 0 |a Inštitúcie a orgány Európskej únie  |b sprievodca pre európskych občanov 
264 1 |a Bratislava  |b GRAFIS  |c 2004 
300 |a 23 s. 
490 1 |a Naša Európa 
830 0 |a Naša Európa 
610 2 0 |a integrácia ekonomická medzinárodná 
610 2 0 |a spolupráca hospodárska medzinárodná 
610 2 0 |a inštitúcie verejnoprávne 
610 2 0 |a štruktúra organizačná 
610 2 0 |a zmluvy medzinárodné 
610 2 0 |a parlamenty 
610 2 0 |a súdy 
610 2 0 |a účtovníctvo medzinárodné 
610 2 0 |a politika hospodárska 
610 2 0 |a politika sociálna 
610 2 0 |a politika regionálna 
610 2 0 |a demokracia 
610 2 0 |a Rada Európy 
610 2 0 |a Európska únia 
710 2 |a Úrad vlády Slovenskej republiky